[Event "Sant Adria de Besos op 17th"]
[Site "Sant Adria de Besos"]
[Date "2023.06.04"]
[Round "7"]
[White "Fabregas Fontanet, Antonio"]
[Black "Fernandez Madrid, Carlos"]
[Result "1-0"]
[WhiteElo "1973"]
[BlackElo "2222"]
[PlyCount "46"]
[EventDate "2023.04.02"]
[EventType "swiss"]
[EventRounds "9"]
[EventCountry "ESP"]
[SourceTitle "EXT 2024"]
[Source "ChessBase"]
[SourceDate "2023.10.10"]
[SourceVersion "1"]
[SourceVersionDate "2023.10.10"]
[SourceQuality "1"]

1. e4 g6 2. d4 Bg7 3. Nf3 d6 4. h3 a6 5. c4 Nc6 6. Be3 e5 7. d5 Nce7 8. Nc3 f5 9. Bd3 h6 10. Qb3 Nf6 11. 0-0-0 0-0 12. Nh4 f4 13. Bd2 Nd7 14. Be2 Nc5 15. Qc2 a5 16. Bg4 Kh7 17. g3 g5 18. Nf5 Nxf5 19. Bxf5+ Bxf5 20. exf5 e4 21. h4 Kg8 22. hxg5 hxg5 23. Rh5 a4 1-0

[Event "Barcelona Sant Marti op 10th"]
[Site "Barcelona"]
[Date "2023.01.26"]
[Round "3"]
[White "Fabregas Fontanet, Antonio"]
[Black "Perez Pastora, Evaristo"]
[Result "1-0"]
[WhiteElo "1744"]
[BlackElo "2121"]
[PlyCount "93"]
[EventDate "2023.01.12"]
[EventType "swiss"]
[EventRounds "9"]
[EventCountry "ESP"]
[SourceTitle "CBM 213 Extra"]
[Source "ChessBase"]
[SourceDate "2023.05.31"]
[SourceVersion "1"]
[SourceVersionDate "2023.05.31"]
[SourceQuality "1"]

1. e4 c5 2. Nf3 d6 3. d4 cxd4 4. Nxd4 Nf6 5. Bd3 e5 6. Nb3 Be7 7. 0-0 Be6 8. Nc3 Nbd7 9. Re1 a6 10. a4 Rc8 11. a5 0-0 12. Bf1 Qc7 13. f4 exf4 14. Bxf4 Ne5 15. Nd4 Rfd8 16. Kh1 Nc4 17. Bxc4 Qxc4 18. Ra4 Qc5 19. Qf3 Bf8 20. h3 h6 21. Nxe6 fxe6 22. Bxh6 d5 23. e5 Ne4 24. Be3 Qc6 25. Nxe4 Qxa4 26. Ng5 Qe8 27. Bb6 Rd7 28. Qd3 g6 29. c3 Bc5 30. Rf1 Bxb6 31. axb6 Rc6 32. Rf6 Rg7 33. Qd4 Rc4 34. Qd1 Rc6 35. Qg4 Re7 36. Nf3 Rg7 37. Nd4 Rxb6 38. Nxe6 Rxe6 39. Rxe6 Qf7 40. Rf6 Qe8 41. e6 g5 42. Qf5 Qe7 43. Qxd5 g4 44. Rh6 g3 45. Qh5 Kf8 46. Rh8+ Rg8 47. Qf5+ 1-0

[Event "Sant Adria de Besos op"]
[Site "Sant Adria de Besos"]
[Date "2022.08.14"]
[Round "4"]
[White "Fernandez Madrid, Carlos"]
[Black "Fabregas Fontanet, Antonio"]
[Result "1-0"]
[WhiteElo "2136"]
[BlackElo "1881"]
[PlyCount "53"]
[EventDate "2022.08.11"]
[EventType "swiss"]
[EventRounds "9"]
[EventCountry "ESP"]
[SourceTitle "CBM 209 Extra"]
[Source "ChessBase"]
[SourceDate "2022.09.30"]
[SourceVersion "1"]
[SourceVersionDate "2022.09.30"]
[SourceQuality "1"]

1. b3 Nf6 2. Bb2 g6 3. g4 Rg8 4. h3 d5 5. e3 Nc6 6. Bg2 e6 7. Ne2 Be7 8. Nbc3 g5 9. Ng3 Qd7 10. Qe2 Nb4 11. d3 c5 12. a3 Nc6 13. 0-0 Bd6 14. d4 Qe7 15. Nb5 Bb8 16. dxc5 Ne5 17. Nd6+ Bxd6 18. cxd6 Qxd6 19. f4 gxf4 20. exf4 Nexg4 21. hxg4 Nxg4 22. Nf5 Qf8 23. a4 Qc5+ 24. Bd4 Qc6 25. c4 Qa6 26. Ng7+ Kf8 27. Qxg4 1-0

[Event "Sant Adria de Besos op"]
[Site "Sant Adria de Besos"]
[Date "2022.08.12"]
[Round "2"]
[White "Cruz Estrada, Filemon"]
[Black "Fabregas Fontanet, Antonio"]
[Result "1-0"]
[WhiteElo "2316"]
[BlackElo "1881"]
[PlyCount "36"]
[EventDate "2022.08.11"]
[EventType "swiss"]
[EventRounds "9"]
[EventCountry "ESP"]
[SourceTitle "CBM 209 Extra"]
[Source "ChessBase"]
[SourceDate "2022.09.30"]
[SourceVersion "1"]
[SourceVersionDate "2022.09.30"]
[SourceQuality "1"]

1. c4 g6 2. d4 Bg7 3. e4 d6 4. Nc3 Nc6 5. Be3 e5 6. Nge2 Nf6 7. d5 Ne7 8. h3 0-0 9. g4 h5 10. f3 c6 11. Qd2 b5 12. dxc6 bxc4 13. Nd5 Nfxd5 14. exd5 f5 15. gxf5 gxf5 16. Nc3 Re8 17. Kd1 Rb8 18. Bxc4 Qa5 1-0

[Event "Barcelona Sant Marti op-A 22nd"]
[Site "Barcelona"]
[Date "2022.07.17"]
[Round "5"]
[White "Fabregas Fontanet, Antonio"]
[Black "Gupta, Rajesh RS"]
[Result "1-0"]
[WhiteElo "1937"]
[BlackElo "1652"]
[PlyCount "141"]
[EventDate "2022.07.13"]
[EventType "swiss"]
[EventRounds "9"]
[EventCountry "ESP"]
[SourceTitle "CBM 209 Extra"]
[Source "ChessBase"]
[SourceDate "2022.09.30"]
[SourceVersion "1"]
[SourceVersionDate "2022.09.30"]
[SourceQuality "1"]

1. e4 c5 2. Nf3 d6 3. d4 cxd4 4. Nxd4 Nf6 5. Nc3 a6 6. Be2 e5 7. Nb3 Be7 8. Be3 Be6 9. f4 exf4 10. Bxf4 Nc6 11. Qd2 0-0 12. 0-0-0 b5 13. Bxd6 b4 14. e5 bxc3 15. Qxc3 Ne4 16. Qxc6 Nf2 17. Bc5 Nxd1 18. Rxd1 Qe8 19. Qe4 Bxb3 20. Bxe7 Bxc2 21. Kxc2 Qxe7 22. h4 Rfe8 23. Rd5 Rac8+ 24. Bc4 Qb4 25. b3 a5 26. Kb1 Re7 27. Rb5 Qc3 28. Rc5 g6 29. Rxc8+ Kg7 30. Rc5 a4 31. Qf3 Qe1+ 32. Kc2 axb3+ 33. Bxb3 Qxh4 34. Qf6+ Qxf6 35. exf6+ Kxf6 36. Kd3 h5 37. a4 Rb7 38. Kc3 Ke7 39. a5 Kd6 40. Rc4 Ra7 41. Kb4 Rb7+ 42. Ka4 Ra7 43. Rc8 Ke5 44. Rg8 h4 45. Rg7 Rd7 46. Bxf7 Kf6 47. Rh7 Rd2 48. a6 Rxg2 49. a7 Rg1 50. Bd5 Ra1+ 51. Kb3 Kg5 52. a8Q Rxa8 53. Bxa8 Kg4 54. Kc3 Kg3 55. Rg7 h3 56. Rxg6+ Kh2 57. Rh6 Kg3 58. Kd3 Kh2 59. Ke3 Kg3 60. Ke2 Kh2 61. Kf1 Kg3 62. Kg1 Kg4 63. Kh2 Kg5 64. Rxh3 Kg4 65. Rf3 Kh4 66. Rg3 Kh5 67. Kg2 Kh4 68. Kf3 Kh5 69. Kf4 Kh4 70. Be4 Kh5 71. Rh3# 1-0

[Event "El Prat de Llobregat op-B 1st"]
[Site "El Prat de Llobregat"]
[Date "2019.12.07"]
[Round "5"]
[White "Rosh, Jain"]
[Black "Fabregas Fontanet, Antonio"]
[Result "0-1"]
[WhiteElo "1697"]
[BlackElo "1921"]
[PlyCount "140"]
[EventDate "2019.12.03"]
[EventType "swiss"]
[EventRounds "9"]
[EventCountry "ESP"]
[SourceTitle "CBM 193 Extra"]
[Source "ChessBase"]
[SourceDate "2020.01.31"]
[SourceVersion "1"]
[SourceVersionDate "2020.01.31"]
[SourceQuality "1"]

1. e4 d6 2. d4 Nf6 3. Nc3 c6 4. f4 Qa5 5. Bd3 e5 6. dxe5 dxe5 7. f5 Nbd7 8. Bd2 Qc7 9. Nf3 Bc5 10. h3 b5 11. g4 Bb7 12. Nh2 h6 13. Qf3 a6 14. Nf1 0-0-0 15. 0-0-0 Bb6 16. Be3 Bd4 17. Ne2 c5 18. c3 Kb8 19. Kb1 Bxe3 20. Qxe3 c4 21. Bc2 Nc5 22. Rxd8+ Rxd8 23. Neg3 Nd3 24. Rh2 b4 25. cxb4 Nxb4 26. Rd2 Rc8 27. a3 Nc6 28. Qc5 Nd4 29. Qb4 c3 30. bxc3 Qxc3 31. Qd6+ Qc7 32. Qxc7+ Rxc7 33. Bd3 Rc3 34. Kb2 Rb3+ 35. Ka2 a5 36. Bc4 Rc3 37. Bxf7 Nxe4 38. Nxe4 Bxe4 39. Rb2+ Kc7 40. h4 Bf3 41. g5 Nxf5 42. Rb5 Nd6 43. Rxe5 Nxf7 44. Rxa5 Kd6 45. Ra6+ Bc6 46. Ra5 hxg5 47. hxg5 g6 48. Kb2 Rf3 49. Nd2 Rf2 50. Kc3 Ne5 51. Ra7 Bd5 52. a4 Rf7 53. Rxf7 Nxf7 54. a5 Nxg5 55. a6 Ne4+ 56. Nxe4+ Bxe4 57. Kd4 Ba8 58. Ke3 Ke5 59. a7 g5 60. Kf2 Kf4 61. Kf1 Kg3 62. Kg1 g4 63. Kf1 Kh2 64. Kf2 g3+ 65. Ke2 g2 66. Kd2 g1Q 67. Kc3 Qg7+ 68. Kb4 Bd5 69. Ka4 Qb7 70. Ka3 Qb3# 0-1

[Event "Barbera del Valles op 42nd"]
[Site "Barbera del Valles"]
[Date "2019.07.06"]
[Round "3"]
[White "Fabregas Fontanet, Antonio"]
[Black "Radnai, Adam"]
[Result "0-1"]
[WhiteElo "1942"]
[BlackElo "2309"]
[PlyCount "56"]
[EventDate "2019.07.04"]
[EventType "swiss"]
[EventRounds "9"]
[EventCountry "ESP"]
[SourceTitle "CBM 191 Extra"]
[Source "ChessBase"]
[SourceDate "2019.09.30"]
[SourceVersion "1"]
[SourceVersionDate "2019.09.30"]
[SourceQuality "1"]

1. e4 c6 2. Nc3 g6 3. Nf3 Bg7 4. d4 d5 5. e5 Nh6 6. h3 0-0 7. Bf4 f6 8. Qd2 Nf7 9. Bd3 fxe5 10. dxe5 c5 11. 0-0 Nc6 12. Rfe1 e6 13. Rad1 a6 14. a4 Qc7 15. Bf1 d4 16. Ne4 Nfxe5 17. Nxe5 Nxe5 18. Bg3 Rf5 19. c3 Qc6 20. Nxc5 dxc3 21. Qe3 Nf7 22. Nxe6 Bxe6 23. Qxe6 Qxe6 24. Rxe6 cxb2 25. Bc4 Rc5 26. Ba2 Rc1 27. Ree1 Bh6 28. Be5 Re8 0-1

[Event "Barbera del Valles op 42nd"]
[Site "Barbera del Valles"]
[Date "2019.07.04"]
[Round "1"]
[White "Fabregas Fontanet, Antonio"]
[Black "Leon Valdes, Jony Wilson"]
[Result "0-1"]
[WhiteElo "1942"]
[BlackElo "2364"]
[PlyCount "60"]
[EventDate "2019.07.04"]
[EventType "swiss"]
[EventRounds "9"]
[EventCountry "ESP"]
[SourceTitle "CBM 191 Extra"]
[Source "ChessBase"]
[SourceDate "2019.09.30"]
[SourceVersion "1"]
[SourceVersionDate "2019.09.30"]
[SourceQuality "1"]

1. e4 e6 2. d4 d5 3. e5 c5 4. c3 Nc6 5. Nf3 Nge7 6. Bd3 Nf5 7. Bxf5 exf5 8. 0-0 cxd4 9. cxd4 Be7 10. Nc3 Be6 11. Kh1 g5 12. Ne1 Qb6 13. Nc2 f4 14. a3 0-0-0 15. b4 Bf5 16. Ne2 Kb8 17. b5 Qxb5 18. a4 Qd3 19. Na3 f6 20. Bb2 Rhe8 21. Re1 fxe5 22. dxe5 Bb4 23. Bc3 Bxc3 24. Qxd3 Bxd3 25. Nxc3 d4 26. Na2 Rxe5 27. Rxe5 Nxe5 28. Nb4 Bg6 29. Rd1 d3 30. Rd2 Rd4 0-1

[Event "Barcelona Tres Peons-A 21th"]
[Site "Barcelona"]
[Date "2019.02.13"]
[Round "6.7"]
[White "Fabregas Fontanet, Antonio"]
[Black "Anguera Maestro, Jaime"]
[Result "1-0"]
[WhiteElo "1924"]
[BlackElo "2112"]
[PlyCount "105"]
[EventDate "2019.01.09"]
[EventType "swiss"]
[EventRounds "9"]
[EventCountry "ESP"]
[SourceTitle "EXT 2024"]
[Source "ChessBase"]
[SourceDate "2023.10.10"]
[SourceVersion "1"]
[SourceVersionDate "2023.10.10"]
[SourceQuality "1"]

1. e4 b6 2. d4 Bb7 3. Nc3 g6 4. Nf3 Bg7 5. Bg5 h6 6. Bf4 e6 7. Be2 Ne7 8. Qd2 g5 9. Be5 f6 10. Bg3 Ng6 11. 0-0-0 h5 12. Nb5 Na6 13. Qd3 h4 14. Bd6 Bc6 15. d5 Bxb5 16. Qxb5 cxd6 17. Qxa6 e5 18. g3 Qc8 19. Nd2 Qxa6 20. Bxa6 Ke7 21. Kb1 hxg3 22. hxg3 Rxh1 23. Rxh1 Rh8 24. Rxh8 Nxh8 25. Nc4 Nf7 26. a4 Kd8 27. Ne3 Bf8 28. Be2 Kc7 29. b4 Nd8 30. Ka2 Nb7 31. Ba6 Kb8 32. Kb3 Be7 33. Nf5 Bf8 34. Kc4 Nd8 35. Kb5 Kc7 36. Ne3 Be7 37. Nc4 Nf7 38. a5 bxa5 39. Kxa5 g4 40. Ne3 Ng5 41. Bd3 Kb7 42. Nxg4 Bd8+ 43. Ka4 Nf3 44. c3 Kb6 45. Ne3 Bc7 46. Be2 Ng5 47. Nf5 Kb7 48. Ne7 Bb6 49. f4 exf4 50. gxf4 Nh3 51. Bg4 Nxf4 52. Bxd7 Nd3 53. Nf5 1-0

[Event "Barcelona Sant Marti op 8th"]
[Site "Barcelona"]
[Date "2019.01.31"]
[Round "3"]
[White "Fabregas Fontanet, Antonio"]
[Black "Perez Garcia, Adria"]
[Result "0-1"]
[WhiteElo "1924"]
[BlackElo "2182"]
[PlyCount "106"]
[EventDate "2019.01.17"]
[EventType "swiss"]
[EventRounds "9"]
[EventCountry "ESP"]
[SourceTitle "CBM 189 Extra"]
[Source "ChessBase"]
[SourceDate "2019.06.03"]
[SourceVersion "1"]
[SourceVersionDate "2019.06.03"]
[SourceQuality "1"]

1. e4 c6 2. Nc3 d5 3. Nf3 Bg4 4. exd5 cxd5 5. h3 Bh5 6. Bb5+ Nc6 7. g4 Bg6 8. Ne5 Rc8 9. Qe2 f6 10. Nxg6 hxg6 11. Qd3 Kf7 12. Qxd5+ Qxd5 13. Nxd5 e6 14. Ne3 Bc5 15. c3 Bxe3 16. fxe3 Ne5 17. Be2 g5 18. d4 Ng6 19. Bd2 N8e7 20. e4 Nf4 21. Bxf4 gxf4 22. 0-0-0 g5 23. Bb5 Ng6 24. e5 fxe5 25. dxe5 Nxe5 26. Rhe1 Kf6 27. Bf1 Rhd8 28. Re4 Rxd1+ 29. Kxd1 a6 30. Rb4 Rc7 31. a4 Nf7 32. Bg2 Nd6 33. Kc2 b5 34. axb5 axb5 35. Bf1 Rc5 36. Rd4 Ke7 37. b4 Re5 38. Rd1 Re3 39. Ra1 Ne4 40. Bd3 Nd6 41. Ra7+ Kf6 42. Ra6 Nc4 43. Bf1 Ke5 44. Rc6 f3 45. Rc5+ Kf4 46. Bxc4 bxc4 47. Rxc4+ Kg3 48. Kd2 f2 49. Kxe3 f1Q 50. Rd4 Kxh3 51. Re4 Kg3 52. Kd4 Qf6+ 53. Kd3 Kf3 0-1

[Event "Barcelona Sant Marti op 8th"]
[Site "Barcelona"]
[Date "2019.01.17"]
[Round "1"]
[White "Fabregas Fontanet, Antonio"]
[Black "Salazar Navas, Josep"]
[Result "1-0"]
[WhiteElo "1924"]
[BlackElo "1646"]
[PlyCount "53"]
[EventDate "2019.01.17"]
[EventType "swiss"]
[EventRounds "9"]
[EventCountry "ESP"]
[SourceTitle "CBM 189 Extra"]
[Source "ChessBase"]
[SourceDate "2019.06.03"]
[SourceVersion "1"]
[SourceVersionDate "2019.06.03"]
[SourceQuality "1"]

1. e4 c6 2. d4 d5 3. Nc3 dxe4 4. Nxe4 Nf6 5. Nxf6+ gxf6 6. Bc4 Bf5 7. Ne2 Nd7 8. Bb3 e6 9. Ng3 Bg6 10. 0-0 Qc7 11. c4 h5 12. d5 e5 13. h4 0-0-0 14. Qf3 c5 15. Bd2 Bd6 16. Nf5 Bxf5 17. Qxf5 Rdg8 18. Bc2 Rg4 19. Be4 Rxh4 20. f3 Rg8 21. Qh7 Qd8 22. Qxf7 Qf8 23. Qxf8+ Nxf8 24. Rac1 Ng6 25. Be1 Rf4 26. g3 Nh4 27. Kh1 1-0

[Event "Martorell op 36th"]
[Site "Martorell"]
[Date "2018.09.15"]
[Round "1"]
[White "Fabregas Fontanet, Antonio"]
[Black "Hernando Rodrigo, Julio Antonio"]
[Result "0-1"]
[WhiteElo "1990"]
[BlackElo "2284"]
[PlyCount "92"]
[EventDate "2018.09.15"]
[EventType "swiss"]
[EventRounds "9"]
[EventCountry "ESP"]
[SourceTitle "CBM 189 Extra"]
[Source "ChessBase"]
[SourceDate "2019.06.03"]
[SourceVersion "1"]
[SourceVersionDate "2019.06.03"]
[SourceQuality "1"]

1. e4 e6 2. d4 d5 3. e5 c5 4. c3 Nc6 5. Nf3 Qb6 6. Be2 Bd7 7. 0-0 cxd4 8. cxd4 Nge7 9. Nc3 Nf5 10. Na4 Qd8 11. Bg5 Be7 12. Bxe7 Qxe7 13. a3 0-0 14. b4 Ncxd4 15. Nxd4 Nxd4 16. Qxd4 Bxa4 17. Bd3 a6 18. Rfc1 Rfc8 19. h3 Rc7 20. Qb6 Rac8 21. Re1 Bc2 22. Bf1 h6 23. Rac1 Rc3 24. Re3 R8c6 25. Qd4 Rxe3 26. Qxe3 Qc7 27. g4 Be4 28. Rxc6 Qxc6 29. f3 Bc2 30. Kf2 Ba4 31. Bd3 Bb5 32. Bxb5 axb5 33. Qd4 Qc1 34. Qe3 Qb2+ 35. Qe2 Qxe2+ 36. Kxe2 f6 37. f4 fxe5 38. fxe5 Kf7 39. Ke3 Kg6 40. Kf4 h5 41. g5 h4 42. Kg4 d4 43. Kf4 d3 44. Ke3 Kxg5 45. Kxd3 Kf4 46. Kd4 b6 0-1

[Event "Barbera del Valles op 41st"]
[Site "Barbera del Valles"]
[Date "2018.07.10"]
[Round "7"]
[White "Llorens Gou, Juan"]
[Black "Fabregas Fontanet, Antonio"]
[Result "0-1"]
[WhiteElo "1717"]
[BlackElo "1991"]
[PlyCount "140"]
[EventDate "2018.07.04"]
[EventType "swiss"]
[EventRounds "9"]
[EventCountry "ESP"]
[SourceTitle "CBM 185 Extra"]
[Source "ChessBase"]
[SourceDate "2018.07.29"]
[SourceVersion "1"]
[SourceVersionDate "2018.07.29"]
[SourceQuality "1"]

1. e4 d6 2. d4 Nf6 3. Nc3 c6 4. Nf3 Bg4 5. Be2 Nbd7 6. Nd2 Bxe2 7. Qxe2 e5 8. Nf3 Qb6 9. d5 Be7 10. 0-0 0-0 11. b3 cxd5 12. exd5 Qa5 13. Bb2 Nxd5 14. Nxd5 Qxd5 15. c4 Qc6 16. Rad1 Rfe8 17. Ba3 Qa6 18. Bb4 Nf8 19. Rd2 Qb6 20. Ba3 Ne6 21. Rfd1 Rad8 22. c5 Nxc5 23. Bxc5 Qxc5 24. Rd5 Qc7 25. Qe3 a6 26. Rc1 Qb8 27. Qb6 Rc8 28. Rdd1 Rxc1 29. Rxc1 Rc8 30. Qe3 h6 31. Rxc8+ Qxc8 32. h3 Qc6 33. Kh2 f6 34. Nh4 d5 35. Nf5 Qe6 36. Nxe7+ Qxe7 37. f4 Qd6 38. g3 d4 39. fxe5 Qxe5 40. Qd3 f5 41. Qc4+ Kh7 42. Qd3 Qe4 43. Qd2 d3 44. Kg1 g5 45. Qc3 Qd5 46. Qc7+ Kg6 47. Qb6+ Qc6 48. Qe3 Qd7 49. Qd2 Qd4+ 50. Kf1 f4 51. g4 Qe4 52. Kf2 Qd4+ 53. Kf3 b5 54. a3 Qd5+ 55. Kf2 Qxb3 56. Qe1 Qc2+ 57. Kg1 Qe2 58. Qc1 Qe3+ 59. Qxe3 fxe3 60. Kf1 a5 61. Ke1 b4 62. axb4 axb4 63. Kd1 b3 64. Kc1 e2 65. Kb2 e1Q 66. Kxb3 d2 67. Kc4 d1Q 68. Kc5 Qc3+ 69. Kb5 Qb1+ 70. Ka4 Qca1# 0-1

[Event "Barbera del Valles op 41st"]
[Site "Barbera del Valles"]
[Date "2018.07.09"]
[Round "6"]
[White "Caglar, Sila"]
[Black "Fabregas Fontanet, Antonio"]
[Result "1-0"]
[WhiteElo "2204"]
[BlackElo "1991"]
[PlyCount "55"]
[EventDate "2018.07.04"]
[EventType "swiss"]
[EventRounds "9"]
[EventCountry "ESP"]
[SourceTitle "CBM 185 Extra"]
[Source "ChessBase"]
[SourceDate "2018.07.29"]
[SourceVersion "1"]
[SourceVersionDate "2018.07.29"]
[SourceQuality "1"]

1. Nf3 g6 2. e4 d6 3. d4 Bg7 4. Nc3 Nf6 5. Be2 b6 6. 0-0 0-0 7. h3 Bb7 8. e5 Ne4 9. Nxe4 Bxe4 10. Ng5 Bb7 11. e6 f6 12. Nf7 Qc8 13. d5 c6 14. c4 Na6 15. Bf3 cxd5 16. cxd5 Qc4 17. b3 Qc3 18. Bf4 Rac8 19. Bxd6 Rxf7 20. exf7+ Kxf7 21. Bxe7 f5 22. Rc1 Qa5 23. Rxc8 Bxc8 24. d6 Bd7 25. Qd5+ Qxd5 26. Bxd5+ Ke8 27. Re1 Bc3 28. Re2 1-0